000 00271nam a22001217a 4500
020 _a0-09-906530-4
082 _a395 CAR'B
100 _aCARTLANDS, BARBARA
_979024
245 _aBOOK OF ETIQUETTE
260 _aLONDON
_bARROW BOOKS
_c1972
300 _a192P
942 _cBK
999 _c584097
_d584097